000 01410nam2a2200313 i 4500
001 RU\NLR\bibl\2018436
005 20241225192207.0
010 _a9785986043500
_9300
021 _aRU
_b2013-17987
_91261
035 _a(NLR Aleph) 002006790
090 _a4431765
_c4431765
100 _a20130402d2012 k||y0rusy50 ca
101 0 _arus
_deng
102 _aRU
105 _aa z||||00zy
200 1 _aХолокост на территории СССР
_dThe holocaust in the Soviet Union
_zeng
210 _d2012
215 _a155, [4] с.
_cил.
225 1 _a...
_vвып. 40
300 _aРез. на англ. яз.
320 _aБиблиогр. в конце ст.
461 1 _1001RU\NLR\BIBL_A\010354468
_12001#$aМатериалы XIX Международной ежегодной конференции по иудаике$vТ. 1
_0RU\NLR\BIBL_A\010354468
_910758298
_aМеждународная конференция по иудаике (19 ; 2012 ; Москва)
_cМосква
_d2012
_lProceedings of the nineteenth annual international conference on jewish studies
_nСафер
_tМатериалы XIX Международной ежегодной конференции по иудаике
_vТ. 1
510 1 _aThe holocaust in the Soviet Union
_zeng
801 0 _aRU
_bNLR
_c20130402
_gRCR
801 1 _aRU
_bNLR
_c20130402
942 _cBOOK
980 _aNBR